E-governance : (Record no. 2067)
[ view plain ]
| 000 -LEADER | |
|---|---|
| fixed length control field | 00523nam a2200181 4500 |
| 001 - CONTROL NUMBER | |
| control field | 2602 |
| 005 - DATE AND TIME OF LATEST TRANSACTION | |
| control field | 20181127165341.0 |
| 020 ## - INTERNATIONAL STANDARD BOOK NUMBER | |
| International Standard Book Number | 9788173715969 |
| Terms of availability | |
| Canceled/invalid ISBN | |
| International Standard Book Number | 9788173715969 |
| 090 00 - LOCALLY ASSIGNED LC-TYPE CALL NUMBER (OCLC); LOCAL CALL NUMBER (RLIN) | |
| Classification number (OCLC) (R) ; Classification number, CALL (RLIN) (NR) | 352.3 A261e 2009 |
| 245 00 - TITLE STATEMENT | |
| Title | E-governance : |
| Remainder of title | case studies / |
| Statement of responsibility, etc. | Ashok Agarwal, editor. |
| Medium | |
| 250 00 - EDITION STATEMENT | |
| Edition statement | 1st ed. |
| 260 00 - PUBLICATION, DISTRIBUTION, ETC. | |
| Place of publication, distribution, etc. | Hyderabad : |
| Name of publisher, distributor, etc. | Universities Press, |
| Date of publication, distribution, etc. | 2009. |
| 300 00 - PHYSICAL DESCRIPTION | |
| Extent | viii, 436 p. |
| 650 00 - SUBJECT ADDED ENTRY--TOPICAL TERM | |
| Topical term or geographic name entry element | Community information services. |
| General subdivision | |
| Topical term or geographic name entry element | Information technology. |
| General subdivision | |
| Topical term or geographic name entry element | Internet in public administration. |
| General subdivision | |
| Withdrawn status | Lost status | Source of classification or shelving scheme | Damaged status | Not for loan | Collection code | Home library | Current library | Shelving location | Serial Enumeration / chronology | Inventory number | Total Checkouts | Full call number | Barcode | Date last seen | Price effective from | Koha item type |
|---|---|---|---|---|---|---|---|---|---|---|---|---|---|---|---|---|
| Dewey Decimal Classification | Main TEST | RTC Library | RTC Library | Main opac | 3723 | 352.3 AGA | 30003710 | 27/11/2018 | 27/11/2018 | Main |